| Tag |
First Indicator |
Second Indicator |
Subfields |
| LEADER |
00000cam a2200000Ii 4500 |
| 001 |
in00001664092 |
| 005 |
20151024121811.0 |
| 008 |
771012s1945 nyu 000 0 eng d |
| 035 |
|
|
|a (OCoLC)ocm03335941
|
| 040 |
|
|
|a BAL
|c BAL
|d TXA
|d UtOrBLW
|
| 049 |
|
|
|a TXAM
|
| 090 |
|
|
|a E169
|b .M6 1945
|
| 100 |
1 |
|
|a Miller, Henry,
|d 1891-1980.
|
| 245 |
1 |
4 |
|a The air-conditioned nightmare /
|c Henry Miller.
|
| 264 |
|
1 |
|a New York :
|b Avon,
|c [1945]
|
| 264 |
|
4 |
|c ©1945
|
| 300 |
|
|
|a 255 pages ;
|c 18 cm.
|
| 336 |
|
|
|a text
|b txt
|2 rdacontent
|
| 337 |
|
|
|a unmediated
|b n
|2 rdamedia
|
| 338 |
|
|
|a volume
|b nc
|2 rdacarrier
|
| 490 |
0 |
|
|a Avon book,
|v V-2038
|
| 651 |
|
0 |
|a United States
|x Description and travel.
|
| 948 |
|
|
|a cataloged
|b h
|c 2002/3/12
|d c
|e cmulkey
|f 1:12:22 pm
|
| 994 |
|
|
|a E0
|b TXA
|
| 999 |
|
|
|a MARS
|
| 999 |
f |
f |
|s e2711ad5-c1bb-3392-99d1-886d3283fdc3
|i b4efda4f-74db-3ef5-ac1b-329c871a55c2
|t 0
|
| 952 |
f |
f |
|p normal
|a Texas A&M University
|b College Station
|c Sterling C. Evans Library
|d Evans: Library Stacks
|t 0
|e E169 .M6 1945
|h Library of Congress classification
|i unmediated -- volume
|m A14828708302
|
| 998 |
f |
f |
|a E169 .M6 1945
|t 0
|l Evans: Library Stacks
|